000 01503cam a2200253 4500
001 8994
010 _a9782958847616
090 _a8994
099 _tLIVR
100 _a20240723d2024 m y0frey50 ba
101 0 _afre
102 _aFR
200 1 _aCe qu'il en reste
_bLIVR
_eVillegailhenc, Trèbes, Saint-Hilaire
_fViviane Dalles
210 _aFrance
_cAd.édition-L'Atelier, La Bécède Basse, Valleraugue
_d2024
215 _a1 vol (93 p.)
_cill. en coul.
_d24,5 cm
330 _a15 octobre 2018, une crue exceptionnelle s'abat sur 257 communes de l'Aude. Ces intempéries figurent parmi les plus violentes et dévastatrices depuis une dizaine d'années en France. C'est, par définition, une catastrophe naturelle. La photographe Viviane Dalles a rencontré les habitants de trois de ces communes sinistrées : Villegailhenc, Trèbes, Saint-Hilaire. En recueillant leur histoire, c'est notre histoire contemporaine qui s'inscrit dans le temps, c'est préserver l'invisible et permettre aux générations suivantes de comprendre ce qu'il en reste.
606 _311971317
_aInondations
_311940276
_yAude (France)
_312432924
_z1990-2020
_924060
_xPhotographies
606 _311962063
_aVictimes de catastrophes
_311940276
_yAude (France)
_312432924
_z1990-2020
_924061
700 _315796989
_aDalles
_bViviane
_4070
_924062
701 _4Conception Graphique
_aMartin-Célo
_bLine
_924063
701 _4600
_aLes Artisans du regard
_924064
801 0 _aFR
_bFR-751131015
_c20240723
_gAFNOR
801 0 _aTN
_b32BIS
830 _aMS